[Event "jukie her meister;)"]
[Site "http://www.queenalice.com/game.php?id=218336"]
[Date "2007.5.30"]
[Round "-"]
[White "JUKIE78"]
[Black "mrGAD"]
[Result "1-0"]
[WhiteElo "1478"]
[BlackElo "1351"]

1. f4 h5 2. Nf3 g6 3. c4 c6 4. Nc3 e6 5. b3 Nh6 6. d4 Bb4 7. Bd2 d5 8. cxd5 cxd5
9. Nb5 a5 10. Rc1 Nf5 11. Nc7+ Kf8 12. Nxa8 Ne3 13. Bxb4+ axb4 14. Qd2 Nxf1 15.
Rxf1 Qa5 16. Rxc8+ Kg7 17. Rc5 Qxa8 18. Qxb4 Nc6 19. Qd2 f6 20. Nh4 Rh6 21. f5
Qb8 22. Qf4 Qxf4 23. Rxf4 g5 24. fxe6 gxf4 25. e7 Nxe7 26. Rc7 Kf7 27. Rxe7+
Kxe7 28. Nf5+ Kd7 29. Nxh6 Kc6 30. Nf7 Kb5 31. Nd6+ Kc6 32. Nf5 Kb5 33. h4 Kb4
34. Ng7 b5 35. Nxh5 Ka3 36. Nxf4 Kxa2 37. Nxd5 Kxb3 38. h5 Kc4 39. Nxf6 b4 40.
h6 b3 41. Ne4 b2 42. Nd2+ Kc3 43. h7 Kc2 44. h8=Q b1=Q+ 45. Nxb1 1-0

[Event "Challenge"]
[Site "http://www.queenalice.com/game.php?id=219016"]
[Date "2007.5.31"]
[Round "-"]
[White "marcosweck"]
[Black "JUKIE78"]
[Result "1-0"]
[WhiteElo "1752"]
[BlackElo "1484"]

1. Nf3 c5 2. c4 Nc6 3. d4 Qa5+ 4. Bd2 Qb6 5. d5 Qxb2 6. Bc3 Qb6 7. dxc6 Qxc6 8.
e3 d6 9. Bd3 Bg4 10. Bc2 e5 11. h3 Be6 12. Bb3 e4 13. Ng5 h6 14. Nxe6 fxe6 15.
Ba4 1-0

[Event "QA-ANNIV-03"]
[Site "http://www.queenalice.com/game.php?id=225642"]
[Date "2007.6.15"]
[Round "1"]
[White "JUKIE78"]
[Black "klitzke"]
[Result "1-0"]
[WhiteElo "1527"]
[BlackElo "1679"]

1. e4 e5 2. d4 d5 3. Nc3 Nf6 4. dxe5 Ng4 5. exd5 Nxe5 6. Bb5+ Bd7 7. Qh5 Qe7 8.
Bg5 Nf3+ 9. Kd1 Nxg5 10. Nf3 Nxf3 11. Qxf3 Qb4 12. Ne4 1-0

[Event "Challenge"]
[Site "http://www.queenalice.com/game.php?id=225923"]
[Date "2007.6.16"]
[Round "-"]
[White "mrGAD"]
[Black "JUKIE78"]
[Result "0-1"]
[WhiteElo "1388"]
[BlackElo "1458"]

1. e4 c5 2. Bc4 Nc6 3. Nh3 e6 4. Qf3 Na5 5. Be2 b6 6. O-O Bd6 7. g3 Bb7 8. Na3
Nf6 9. Nb5 Bxe4 10. Qe3 Be5 11. f4 Bb8 12. Ng5 d5 13. d3 d4 14. Nxd4 cxd4 15.
Qd2 Bf5 16. Bf3 h6 17. Nxf7 Kxf7 18. Bxa8 Bc7 19. Bf3 Re8 20. b4 Nc6 21. Bxc6 e5
22. Bxe8+ Nxe8 23. Re1 Bc8 24. h4 exf4 25. Qf2 Kg8 26. Bxf4 Bb7 27. Re2 Qd5 28.
Rxe8+ Kf7 29. Rae1 Qh1# 0-1

[Event "Challenge"]
[Site "http://www.queenalice.com/game.php?id=226745"]
[Date "2007.6.17"]
[Round "-"]
[White "JUKIE78"]
[Black "Butze"]
[Result "1-0"]
[WhiteElo "1600"]
[BlackElo "1365"]

1. e4 e5 2. d4 Qf6 3. f3 Nc6 4. d5 Nd4 5. c3 Bb4 6. cxb4 c6 7. dxc6 Qxc6 8. Bd3
d5 9. Be3 dxe4 10. Bxe4 Qc4 11. Na3 Qc7 12. Rc1 Nc6 13. Nb5 Qd7 14. Nd6+ Kf8 15.
Bc5 Nge7 16. Bf5 Nxf5 17. Nxc8+ Nfe7 18. Bxe7+ Ke8 19. Bf6 gxf6 20. Nd6+ Kd8 21.
Nxf7+ Ke8 22. Nxh8 Qg7 23. b5 Nd4 24. f4 1-0

[Event "Challenge"]
[Site "http://www.queenalice.com/game.php?id=228325"]
[Date "2007.6.21"]
[Round "-"]
[White "JUKIE78"]
[Black "fornov_ik"]
[Result "1-0"]
[WhiteElo "1566"]
[BlackElo "1529"]

1. d4 d5 2. Nc3 Nf6 3. f3 Nc6 4. e4 dxe4 5. fxe4 Nxd4 6. Be3 Bg4 7. Be2 Bxe2 8.
Ncxe2 e5 9. Bxd4 exd4 10. Qxd4 Qxd4 11. Nxd4 Nxe4 12. Nh3 Bc5 13. Nb5 O-O-O 14.
Rf1 f6 15. Nf4 Nd2 16. Ne6 Rde8 17. Kxd2 Rxe6 18. Rf5 1-0

[Event "ich nochmal"]
[Site "http://www.queenalice.com/game.php?id=228337"]
[Date "2007.6.21"]
[Round "-"]
[White "Chrischi"]
[Black "JUKIE78"]
[Result "0-1"]
[WhiteElo "1556"]
[BlackElo "1637"]

1. e4 d5 2. f3 e5 3. d4 Bd6 4. c4 dxe4 5. fxe4 b6 6. d5 Qh4+ 7. g3 Qxe4+ 8. Qe2
Qxh1 9. Nf3 Nc6 10. dxc6 Bg4 11. Nbd2 Nf6 12. Ne4 Bxf3 13. Nf2 Bb4+ 14. Bd2
Bxd2+ 15. Qxd2 Qxh2 16. Qe3 Qxg3 17. Rd1 Ng4 18. Qd2 Bxd1 19. Qxd1 Qxf2# 0-1

[Event "AUTO-INT-497"]
[Site "http://www.queenalice.com/game.php?id=228595"]
[Date "2007.6.21"]
[Round "1"]
[White "JUKIE78"]
[Black "IkeBroflovski"]
[Result "1-0"]
[WhiteElo "1581"]
[BlackElo "1602"]

1. d4 e6 2. e4 d5 3. f3 dxe4 4. fxe4 Qh4+ 5. g3 Qxe4+ 6. Qe2 Qxh1 7. Nf3 Bd7 8.
Kd2 g6 9. Bg2 Bh6+ 10. Kc3 Qxc1 11. Ne5 Bc6 12. Nxc6 Nxc6 13. Bxc6+ bxc6 14. Qe5
Qd2+ 15. Nxd2 1-0

[Event "AUTO-INT-497"]
[Site "http://www.queenalice.com/game.php?id=228596"]
[Date "2007.6.21"]
[Round "1"]
[White "IkeBroflovski"]
[Black "JUKIE78"]
[Result "0-1"]
[WhiteElo "1532"]
[BlackElo "1625"]

1. Nf3 d5 2. d4 e6 3. e3 Bd6 4. c4 Nh6 5. Nc3 Nc6 6. Be2 e5 7. dxe5 Bxe5 8. Nxe5
Nxe5 9. cxd5 Qh4 10. O-O Nhg4 11. h3 Nf6 12. e4 Nxe4 13. Nxe4 Qxe4 14. Be3 O-O
15. Re1 Bf5 16. Bc5 Rfd8 17. Bg4 Qf4 18. Bxf5 Qxf5 19. Qb3 Nd3 0-1

[Event "AUTO-INT-497"]
[Site "http://www.queenalice.com/game.php?id=228597"]
[Date "2007.6.21"]
[Round "1"]
[White "JUKIE78"]
[Black "Elquimico"]
[Result "1-0"]
[WhiteElo "1607"]
[BlackElo "1367"]

1. d4 c5 2. dxc5 Qa5+ 3. Nc3 Qxc5 4. Ne4 Qb6 5. e3 d5 6. Qxd5 e6 7. Qb3 Qxb3 8.
cxb3 f5 9. Ng5 Nc6 10. Bb5 Bd7 11. N1f3 a6 12. Bxc6 Bxc6 13. Nxe6 Bxf3 14. Nc7+
Kd8 15. Nxa8 1-0

[Event "AUTO-INT-497"]
[Site "http://www.queenalice.com/game.php?id=228598"]
[Date "2007.6.21"]
[Round "1"]
[White "Elquimico"]
[Black "JUKIE78"]
[Result "0-1"]
[WhiteElo "1361"]
[BlackElo "1613"]

1. c4 d5 2. d4 dxc4 3. Qa4+ Nc6 4. d5 Qxd5 5. Nc3 Qe5 6. Qxc4 Nd4 7. Na4 Bf5 8.
Nf3 Nc2+ 9. Kd1 Rd8+ 10. Bd2 Qe4 11. e3 Nxa1 12. Qxe4 Bxe4 13. Nd4 e5 14. Bb5+
c6 15. Be2 exd4 16. exd4 Rxd4 17. Nc5 Bxc5 0-1

[Event "AUTO-INT-497"]
[Site "http://www.queenalice.com/game.php?id=228599"]
[Date "2007.6.21"]
[Round "1"]
[White "JUKIE78"]
[Black "aljunior"]
[Result "0-1"]
[WhiteElo "1613"]
[BlackElo "1683"]

1. e4 e5 2. Qh5 Nc6 3. Bc4 g6 4. Qf3 Nf6 5. d3 Nd4 6. Qd1 d5 7. exd5 Nxd5 8. c3
Nf5 9. d4 Bg7 10. Qf3 c6 11. Nh3 O-O 12. Bg5 Nh4 13. Qxd5 cxd5 14. Bxd8 Rxd8 15.
Bb3 Nxg2+ 16. Ke2 Bxh3 17. Kf3 Nf4 18. Kg3 Nd3 19. Kxh3 Nxf2+ 20. Kg2 Nxh1 21.
Kxh1 exd4 22. cxd4 Bxd4 23. Nc3 Rd6 24. Rf1 Rc8 25. Nb5 Rf6 26. Kg2 Rxf1 27.
Kxf1 Bxb2 28. Nxa7 Rc1+ 29. Ke2 Rh1 30. Bxd5 Rxh2+ 31. Kd3 Bc1 32. Nb5 Rd2+ 33.
Kc4 Rxa2 34. Bxb7 h5 35. Nc3 Ra7 36. Bd5 h4 37. Ne2 g5 38. Nxc1 Rc7+ 39. Kd3
Rxc1 40. Ke2 h3 0-1

[Event "AUTO-INT-497"]
[Site "http://www.queenalice.com/game.php?id=228600"]
[Date "2007.6.21"]
[Round "1"]
[White "aljunior"]
[Black "JUKIE78"]
[Result "0-1"]
[WhiteElo "1517"]
[BlackElo "1624"]

1. d4 d5 2. c4 dxc4 3. e4 e6 4. Bxc4 Bb4+ 5. Nc3 Nc6 6. Qg4 Nxd4 7. Qxg7 Nc2+ 8.
Ke2 Nd4+ 9. Kf1 Qf6 10. Qxf6 Nxf6 11. e5 Nd7 12. Bd2 Nxe5 13. Bb3 b6 14. Re1
Ba6+ 15. Nge2 O-O-O 16. Bd1 Nd3 17. Nxd4 Nxe1+ 18. Kxe1 Rxd4 19. a3 Rhd8 20.
axb4 Rxd2 21. Rg1 Rxb2 22. b5 Bxb5 23. Nxb5 Rxb5 24. Be2 Rb1+ 25. Bd1 Rbxd1+ 26.
Ke2 Rxg1 0-1

[Event "jukie the great:)"]
[Site "http://www.queenalice.com/game.php?id=228892"]
[Date "2007.6.22"]
[Round "-"]
[White "JUKIE78"]
[Black "mrGAD"]
[Result "1-0"]
[WhiteElo "1620"]
[BlackElo "1334"]

1. e4 e5 2. Qh5 Qe7 3. Nc3 a6 4. Nd5 Qd6 5. Bc4 g6 6. Qf3 b5 7. Nxc7+ Kd8 8.
Nxa8 bxc4 9. Qc3 Ke7 10. Qxc4 Bb7 11. Nc7 Qc6 12. Nd5+ Kd8 13. d3 Qxc4 14. dxc4
Bc5 15. Bd2 Nc6 16. Bc3 Nh6 17. Nf6 Nd4 18. O-O-O Ke7 19. Nd5+ Ke6 20. Ba5 Ng4
21. Rd2 f5 22. c3 Nc6 23. b4 Bxf2 24. h3 Ne3 25. Rxf2 Rf8 26. Nxe3 Nxa5 27. bxa5
Bxe4 28. Ne2 Rc8 29. g4 Bxh1 30. gxf5+ Kf6 31. Ng3 Bb7 32. fxg6+ Kxg6 33. Nd5
Rxc4 34. Ne7+ Kg7 35. Ngf5+ Kf6 36. Rd2 Rxc3+ 37. Rc2 Rxc2+ 38. Kxc2 Be4+ 39.
Kc3 1-0

[Event "Let's Play Chess!"]
[Site "http://www.queenalice.com/game.php?id=232473"]
[Date "2007.6.30"]
[Round "-"]
[White "JUKIE78"]
[Black "txukahamae"]
[Result "0-1"]
[WhiteElo "1636"]
[BlackElo "1632"]

1. e4 Nf6 2. e5 Nd5 3. Bc4 Nb6 4. Bb3 c5 5. d3 d6 6. exd6 Qxd6 7. Qf3 Be6 8. Nc3
Nc6 9. Bf4 Qd7 10. Nb5 Rc8 11. O-O-O Bxb3 12. cxb3 g6 13. Re1 Bg7 14. Nd6+ Kd8
15. Nxf7+ Ke8 16. Nxh8 Bxh8 17. Qe3 Nd5 18. Qe4 Nxf4 19. Qxf4 Qxd3 20. Qf3 Nb4
21. Qxd3 Nxd3+ 22. Kd2 Nxe1 23. Kxe1 Bxb2 24. Kd2 Rd8+ 25. Kc2 Bd4 26. Nh3 Kf7
27. Ng5+ Kg8 28. b4 Bxf2 29. Ne6 Rd6 30. Ng5 Rd5 31. Ne4 Rf5 32. g4 Rf4 33. Nxc5
Bxc5 34. bxc5 Rc4+ 35. Kb3 Rxc5 36. Re1 Rc7 37. Kb4 Kf7 38. Re5 Rc2 0-1